[Event "DEN-ch"]
[Site "Aarhus"]
[Date "1981.??.??"]
[Round "4"]
[White "Brinck Claussen, Bjorn"]
[Black "Fries Nielsen, Niels Jorgen"]
[Result "1-0"]
[WhiteElo "2375"]
[BlackElo "2325"]
[PlyCount "66"]
[EventDate "1981.??.??"]
[EventType "tourn"]
[EventRounds "11"]
[EventCountry "DEN"]
[EventCategory "3"]
[Source "ChessBase"]
[SourceDate "1999.07.01"]

1. d4 b5 2. e4 a6 3. Nf3 d5 4. exd5 Nf6 5. a4 b4 6. c4 bxc3 7. Nxc3 g6 8. Bc4
Bg7 9. O-O O-O 10. Ne5 Ne8 11. Bf4 Nd6 12. Ba2 Bd7 13. Re1 Ra7 14. b4 Rb7 15.
Rb1 Qe8 16. Rb2 Qc8 17. Nc4 Re8 18. Be5 Bf8 19. Qd2 Rd8 20. Bf4 Bg7 21. Rxe7
Nxc4 22. Bxc4 Re8 23. d6 Rxe7 24. dxe7 Qe8 25. Be5 Qxe7 26. Nd5 Qd8 27. Qf4 Be6
28. Nf6+ Bxf6 29. Bxf6 Qf8 30. d5 Bd7 31. Bc3 h6 32. d6 Kh7 33. Qf6 Rb6 1-0

[Event "DEN-ch"]
[Site "Aarhus"]
[Date "1981.??.??"]
[Round "9"]
[White "Brinck Claussen, Bjorn"]
[Black "Fries Nielsen, Jens Ove"]
[Result "0-1"]
[WhiteElo "2375"]
[BlackElo "2320"]
[PlyCount "58"]
[EventDate "1981.??.??"]
[EventType "tourn"]
[EventRounds "11"]
[EventCountry "DEN"]
[EventCategory "3"]
[Source "ChessBase"]
[SourceDate "1999.07.01"]

1. d4 d6 2. e4 Nf6 3. Nc3 g6 4. Nf3 Bg7 5. Be2 O-O 6. O-O c6 7. Re1 Nbd7 8. Bf1
e5 9. a4 a5 10. b3 exd4 11. Nxd4 Re8 12. Ba3 Ng4 13. Qxg4 Bxd4 14. Qg3 Qf6 15.
Bb2 Nc5 16. Rad1 Be5 17. Qe3 b6 18. g3 g5 19. Rd2 g4 20. Red1 Bb7 21. h3 h5 22.
Rxd6 Bxd6 23. Nd5 Qxb2 24. c3 cxd5 25. Qg5+ Kf8 26. Qh6+ Ke7 27. Qg5+ Kd7 28.
Bb5+ Kc7 29. Qf6 Nxe4 0-1

[Event "DEN-ch"]
[Site "Aarhus"]
[Date "1981.??.??"]
[Round "7"]
[White "Brinck Claussen, Bjorn"]
[Black "Nielsen, Poul Erik"]
[Result "0-1"]
[WhiteElo "2375"]
[BlackElo "2320"]
[PlyCount "112"]
[EventDate "1981.??.??"]
[EventType "tourn"]
[EventRounds "11"]
[EventCountry "DEN"]
[EventCategory "3"]
[Source "ChessBase"]
[SourceDate "1999.07.01"]

1. d4 Nf6 2. c4 c5 3. d5 b5 4. cxb5 a6 5. bxa6 e6 6. Nc3 Nxd5 7. Nxd5 exd5 8.
Qxd5 Nc6 9. e4 Be7 10. Bc4 O-O 11. Ne2 Bxa6 12. Bxa6 Qa5+ 13. Qd2 Qxa6 14. O-O
Bf6 15. Nc3 Nd4 16. Qd1 Rfb8 17. Rb1 Nb5 18. Nd5 Bd4 19. a3 Qe6 20. Qc2 Rc8 21.
a4 Nd6 22. Re1 Rc6 23. Bd2 f5 24. Nf4 Qc4 25. Qxc4+ Nxc4 26. Bc1 Re8 27. b3 Nd6
28. e5 Rxe5 29. Rxe5 Bxe5 30. Be3 Ne4 31. Nd5 Kf7 32. Rc1 Rd6 33. f3 Nd2 34.
Rxc5 Nxb3 35. Rb5 Nd4 36. Bxd4 Bxd4+ 37. Kf1 Rc6 38. Nb4 Rc5 39. Ke2 Rxb5 40.
axb5 Ke6 41. Kd3 Bg1 42. Kc4 Bxh2 43. b6 h5 44. b7 g5 45. Kd3 h4 46. Na6 g4 47.
Ke2 h3 48. gxh3 gxh3 49. Kf2 d5 50. b8=Q Bxb8 51. Nxb8 d4 52. Na6 Kd5 53. Nc7+
Kc4 54. Ne8 f4 55. Nd6+ Kb3 56. Ne4 Kc2 0-1

[Event "DEN-ch"]
[Site "Aarhus"]
[Date "1981.??.??"]
[Round "11"]
[White "Brinck Claussen, Bjorn"]
[Black "Reinert, Mads"]
[Result "1-0"]
[WhiteElo "2375"]
[BlackElo "2200"]
[PlyCount "59"]
[EventDate "1981.??.??"]
[EventType "tourn"]
[EventRounds "11"]
[EventCountry "DEN"]
[EventCategory "3"]
[Source "ChessBase"]
[SourceDate "1999.07.01"]

1. d4 Nf6 2. c4 e5 3. dxe5 Ng4 4. Nf3 Bc5 5. e3 Nc6 6. Be2 O-O 7. a3 a5 8. b3
Ncxe5 9. Nxe5 Nxe5 10. Nc3 Re8 11. O-O Ra6 12. Nd5 Qh4 13. g3 Qh3 14. f4 Rg6
15. Rf2 Ng4 16. Bxg4 Rxg4 17. b4 Ba7 18. Nxc7 Rxe3 19. Bxe3 Bxe3 20. Qf3 Bxf2+
21. Qxf2 h5 22. Re1 h4 23. Qg2 Qxg2+ 24. Kxg2 hxg3 25. hxg3 axb4 26. axb4 Rg6
27. Re8+ Kh7 28. b5 d5 29. Rxc8 dxc4 30. Na8 1-0

[Event "DEN-ch"]
[Site "Aarhus"]
[Date "1981.??.??"]
[Round "8"]
[White "Fries Nielsen, Jens Ove"]
[Black "Jacobsen, Bo"]
[Result "1-0"]
[WhiteElo "2320"]
[BlackElo "2335"]
[PlyCount "73"]
[EventDate "1981.??.??"]
[EventType "tourn"]
[EventRounds "11"]
[EventCountry "DEN"]
[EventCategory "3"]
[Source "ChessBase"]
[SourceDate "1999.07.01"]

1. c4 Nf6 2. Nc3 g6 3. g3 Bg7 4. Bg2 O-O 5. e4 c6 6. Nge2 a6 7. O-O b5 8. cxb5
axb5 9. e5 Ne8 10. d4 Ba6 11. b4 d5 12. Nf4 Nc7 13. Be3 Nd7 14. h4 Nb6 15. h5
Bc8 16. Bf3 Bd7 17. Kg2 Qc8 18. Rh1 Ne6 19. Nxe6 Bxe6 20. Bf4 Bf5 21. Be2 gxh5
22. Rxh5 f6 23. Bh6 Bg6 24. Bxg7 Kxg7 25. Rh4 Qe6 26. Bg4 Qf7 27. e6 Qg8 28.
Qe2 Nc4 29. Bh5 f5 30. Bxg6 hxg6 31. Rah1 f4 32. gxf4 Rf6 33. Qg4 Raf8 34. Ne2
Qxe6 35. Rh7+ Kg8 36. Qh4 g5 37. Rg7+ 1-0

[Event "DEN-ch"]
[Site "Aarhus"]
[Date "1981.??.??"]
[Round "1"]
[White "Fries Nielsen, Jens Ove"]
[Black "Kristensen, Leif Sogaard"]
[Result "1/2-1/2"]
[WhiteElo "2320"]
[BlackElo "2235"]
[PlyCount "49"]
[EventDate "1981.??.??"]
[EventType "tourn"]
[EventRounds "11"]
[EventCountry "DEN"]
[EventCategory "3"]
[Source "ChessBase"]
[SourceDate "1999.07.01"]

1. c4 Nf6 2. Nc3 c5 3. Nf3 Nc6 4. g3 g6 5. Bg2 Bg7 6. O-O O-O 7. d4 cxd4 8.
Nxd4 Qb6 9. Nc2 d6 10. b3 Be6 11. h3 Rac8 12. e4 Nd7 13. Nd5 Qa6 14. Bd2 Rfe8
15. Nc3 Nd4 16. Nxd4 Bxd4 17. a4 Nc5 18. Rb1 f5 19. Nb5 Bg7 20. Bc3 Bxc3 21.
Nxc3 fxe4 22. Qd4 Nxb3 23. Rxb3 Qxc4 24. Qxc4 Bxc4 25. Rfb1 1/2-1/2

[Event "DEN-ch"]
[Site "Aarhus"]
[Date "1981.??.??"]
[Round "2"]
[White "Fries Nielsen, Jens Ove"]
[Black "Hansen, Curt"]
[Result "0-1"]
[WhiteElo "2320"]
[BlackElo "2330"]
[PlyCount "144"]
[EventDate "1981.??.??"]
[EventType "tourn"]
[EventRounds "11"]
[EventCountry "DEN"]
[EventCategory "3"]
[Source "ChessBase"]
[SourceDate "1999.07.01"]

1. d4 Nf6 2. Nf3 e6 3. c4 b6 4. g3 Bb7 5. Bg2 Bb4+ 6. Bd2 Be7 7. Nc3 O-O 8. O-O
d5 9. Ne5 c6 10. Bf4 Nfd7 11. Qb3 a6 12. e4 Nxe5 13. Bxe5 dxc4 14. Qxc4 Nd7 15.
Bf4 b5 16. Qe2 c5 17. Rfd1 b4 18. Na4 cxd4 19. Rxd4 Bc6 20. b3 Qe8 21. e5 Bxg2
22. Kxg2 f6 23. Qc4 Bd8 24. Qc6 Ra7 25. Be3 Qf7 26. Rad1 Nxe5 27. Qc5 Qb7+ 28.
Kf1 Be7 29. Qb6 Qxb6 30. Nxb6 Bc5 31. Rd8 Bxe3 32. fxe3 Rb7 33. R8d6 Re8 34.
Ke2 a5 35. R1d2 Kf7 36. Na4 Rc8 37. Ra6 Rd7 38. Rxd7+ Nxd7 39. Kd2 Ne5 40. Ra7+
Kg6 41. Rxa5 Nf3+ 42. Kd3 Rc1 43. Rb5 Ne5+ 44. Ke4 Rc2 45. Rxb4 Rxa2 46. Nc5
Ra5 47. Nb7 Rd5 48. Rb6 f5+ 49. Kf4 Kf6 50. e4 g5+ 51. Ke3 Ng4+ 52. Ke2 Re5 53.
h3 Rxe4+ 54. Kd2 Ne3 55. Nc5 Nf1+ 56. Kd3 Re1 57. g4 Ng3 58. gxf5 Kxf5 59. b4
e5 60. Rb8 e4+ 61. Kd2 Re2+ 62. Kc3 e3 63. Re8 Nh5 64. b5 Nf4 65. Rf8+ Kg6 66.
Nd3 Nxd3 67. Kxd3 Rb2 68. Kxe3 Rxb5 69. Kf3 Rf5+ 70. Rxf5 Kxf5 71. Kg3 h6 72.
Kf3 h5 0-1

[Event "DEN-ch"]
[Site "Aarhus"]
[Date "1981.??.??"]
[Round "11"]
[White "Fries Nielsen, Niels Jorgen"]
[Black "Mortensen, Erling"]
[Result "0-1"]
[WhiteElo "2325"]
[BlackElo "2375"]
[PlyCount "80"]
[EventDate "1981.??.??"]
[EventType "tourn"]
[EventRounds "11"]
[EventCountry "DEN"]
[EventCategory "3"]
[Source "ChessBase"]
[SourceDate "1999.07.01"]

1. e4 c5 2. Nf3 e6 3. d4 cxd4 4. Nxd4 Nf6 5. Nc3 d6 6. Bb5+ Nbd7 7. O-O a6 8.
Bc4 Nc5 9. Re1 Be7 10. f3 Qc7 11. Bf1 b5 12. b4 Ncd7 13. Bb2 O-O 14. a4 bxa4
15. Rxa4 Nb6 16. Ra2 Bb7 17. Qe2 d5 18. exd5 Bxb4 19. Ne4 Nbxd5 20. Nxf6+ Nxf6
21. Rb1 Bd6 22. g3 Bc5 23. Kh1 Rfd8 24. Nb3 Ng4 25. Ra5 Be7 26. Bg2 Nf6 27. Be5
Bd6 28. Bd4 Be7 29. Qf2 Rd5 30. Bb6 Qd7 31. Raa1 Rc8 32. Be3 Qc7 33. c4 Rd3 34.
Bb6 Qxc4 35. Na5 Qd5 36. Nxb7 Qxb7 37. Bf1 Qxf3+ 38. Qxf3 Rxf3 39. Bxa6 Rf8 40.
Bd4 Nd5 0-1

[Event "DEN-ch"]
[Site "Aarhus"]
[Date "1981.??.??"]
[Round "5"]
[White "Fries Nielsen, Niels Jorgen"]
[Black "Nielsen, Poul Erik"]
[Result "1-0"]
[WhiteElo "2325"]
[BlackElo "2320"]
[PlyCount "93"]
[EventDate "1981.??.??"]
[EventType "tourn"]
[EventRounds "11"]
[EventCountry "DEN"]
[EventCategory "3"]
[Source "ChessBase"]
[SourceDate "1999.07.01"]

1. e4 c5 2. g3 g6 3. Bg2 Bg7 4. d3 Nc6 5. f4 Rb8 6. a4 a6 7. c3 d6 8. Nf3 e5 9.
O-O Nge7 10. Be3 exf4 11. Bxf4 O-O 12. Na3 b5 13. axb5 axb5 14. Qd2 Na5 15.
Rad1 Nec6 16. Nc2 Nb3 17. Qe1 Re8 18. Ne3 Ne5 19. Qf2 f6 20. Ne1 Be6 21. N1c2
b4 22. h3 bxc3 23. bxc3 Nf7 24. g4 Qa5 25. Qe1 Qa6 26. Bg3 Ne5 27. Qe2 Rf8 28.
Rf2 Bh6 29. d4 Qxe2 30. Rxe2 cxd4 31. cxd4 Nf7 32. Rf2 Kg7 33. Kh2 Bc8 34. Nd5
f5 35. exf5 gxf5 36. gxf5 Rb5 37. Na3 Ra5 38. Nc4 Ra6 39. Nc7 d5 40. Bxd5 Rf6
41. Ne6+ Bxe6 42. Bxe6 Rd8 43. d5 Nc5 44. Rg2 Nxe6 45. fxe6 Rxe6 46. dxe6 Rxd1
47. e7 1-0

[Event "DEN-ch"]
[Site "Aarhus"]
[Date "1981.??.??"]
[Round "3"]
[White "Fries Nielsen, Niels Jorgen"]
[Black "Jacobsen, Bo"]
[Result "1/2-1/2"]
[WhiteElo "2325"]
[BlackElo "2335"]
[PlyCount "145"]
[EventDate "1981.??.??"]
[EventType "tourn"]
[EventRounds "11"]
[EventCountry "DEN"]
[EventCategory "3"]
[Source "ChessBase"]
[SourceDate "1999.07.01"]

1. Nc3 Nf6 2. d4 d5 3. Bg5 Bg4 4. h3 Bh5 5. g4 Bg6 6. Bg2 c6 7. Bxf6 gxf6 8. f4
e6 9. Qd2 Nd7 10. e3 Bb4 11. Nge2 h5 12. a3 Be7 13. f5 exf5 14. gxh5 Rxh5 15.
Nf4 Rh8 16. h4 Nb6 17. Qe2 Bh7 18. b3 Bd6 19. Kf2 Qc7 20. a4 Bxf4 21. exf4+ Kf8
22. Qd2 Re8 23. Rae1 Re6 24. Bf3 Nc8 25. Ne2 Nd6 26. Ng3 Rg8 27. Reg1 Re8 28.
Nh5 Rxg1 29. Rxg1 Qe7 30. Re1 Ne4+ 31. Bxe4 fxe4 32. Qe3 Qe6 33. Rg1 Bg6 34.
Ng3 Bf5 35. Ke1 Ke7 36. Qc3 Kd7 37. Nh5 Qd6 38. Qc5 Qxc5 39. dxc5 Rh8 40. Ng7
Bg6 41. f5 Bh5 42. Nxh5 Rxh5 43. Rg7 Ke7 44. Rg8 Rxf5 45. Rb8 Rh5 46. Rxb7+ Ke6
47. Rc7 Rxh4 48. Rxc6+ Ke5 49. Rc7 Rh2 50. Kd1 f5 51. Rxf7 f4 52. c6 f3 53. c7
Rh8 54. Ke1 Ke6 55. Rh7 Rg8 56. Rg7 Rf8 57. Rg6+ Kd7 58. Rg5 Kc6 59. Rf5 Rh8
60. Rh5 Rc8 61. c4 dxc4 62. bxc4 Kd6 63. c5+ Ke6 64. Rh7 Ke5 65. Kf2 Kd4 66. c6
Kc5 67. Ke3 Rf8 68. Kxe4 f2 69. Rh5+ Kb6 70. c8=Q Rxc8 71. Rf5 Rxc6 72. Kd3
Rd6+ 73. Kc3 1/2-1/2

[Event "DEN-ch"]
[Site "Aarhus"]
[Date "1981.??.??"]
[Round "9"]
[White "Fries Nielsen, Niels Jorgen"]
[Black "Reinert, Mads"]
[Result "1-0"]
[WhiteElo "2325"]
[BlackElo "2200"]
[PlyCount "75"]
[EventDate "1981.??.??"]
[EventType "tourn"]
[EventRounds "11"]
[EventCountry "DEN"]
[EventCategory "3"]
[Source "ChessBase"]
[SourceDate "1999.07.01"]

1. b3 e5 2. Bb2 Nc6 3. e3 d5 4. Bb5 Bd6 5. Ne2 Nf6 6. d4 e4 7. c4 O-O 8. Bxc6
bxc6 9. Ba3 Ng4 10. Bxd6 cxd6 11. cxd5 cxd5 12. Nbc3 Qh4 13. g3 Qh6 14. h3 Nf6
15. Kd2 a5 16. Nf4 Be6 17. Rc1 Rfb8 18. Qf1 Rb4 19. g4 g5 20. Nfe2 Nd7 21. f4
exf3 22. Qxf3 Qg6 23. h4 a4 24. Nxa4 Nf6 25. hxg5 Ne4+ 26. Ke1 Nxg5 27. Qf4 Bd7
28. Nac3 Be6 29. Ng3 Re8 30. Kd2 Rb7 31. Nh5 h6 32. Nf6+ Kf8 33. Nxe8 Kxe8 34.
Rhf1 Rc7 35. Qf6 Qxf6 36. Rxf6 Rxc3 37. Rxe6+ fxe6 38. Kxc3 1-0

[Event "DEN-ch"]
[Site "Aarhus"]
[Date "1981.??.??"]
[Round "6"]
[White "Hansen, Curt"]
[Black "Mortensen, Erling"]
[Result "0-1"]
[WhiteElo "2330"]
[BlackElo "2375"]
[PlyCount "56"]
[EventDate "1981.??.??"]
[EventType "tourn"]
[EventRounds "11"]
[EventCountry "DEN"]
[EventCategory "3"]
[Source "ChessBase"]
[SourceDate "1999.07.01"]

1. e4 c5 2. Nc3 d6 3. f4 Nc6 4. Bb5 Bd7 5. Nf3 g6 6. O-O Bg7 7. d3 Nf6 8. Bxc6
Bxc6 9. Qe1 Qc7 10. Bd2 e6 11. Kh1 O-O-O 12. a3 d5 13. e5 Ng4 14. b4 Bf8 15.
Rb1 Kb8 16. Rb2 h5 17. d4 cxd4 18. Nxd4 Rc8 19. h3 Nh6 20. Be3 b6 21. a4 Nf5
22. Nxf5 gxf5 23. Nb5 Bxb5 24. axb5 Qc4 25. Qa1 Bxb4 26. Rf3 d4 27. Bg1 Bc3 28.
Rd3 Rhg8 0-1

[Event "DEN-ch"]
[Site "Aarhus"]
[Date "1981.??.??"]
[Round "1"]
[White "Hansen, Curt"]
[Black "Knudsen, Per"]
[Result "1/2-1/2"]
[WhiteElo "2330"]
[BlackElo "2355"]
[PlyCount "84"]
[EventDate "1981.??.??"]
[EventType "tourn"]
[EventRounds "11"]
[EventCountry "DEN"]
[EventCategory "3"]
[Source "ChessBase"]
[SourceDate "1999.07.01"]

1. e4 e6 2. d4 d5 3. exd5 exd5 4. Nf3 Bd6 5. c4 c6 6. Nc3 Ne7 7. Bg5 f6 8. Bh4
O-O 9. Bd3 dxc4 10. Bxc4+ Kh8 11. O-O Bf5 12. Re1 Nd7 13. Qb3 Qb6 14. Bg3 Bxg3
15. hxg3 Rae8 16. Qa3 Nc8 17. d5 c5 18. Bb5 Nd6 19. Qa4 Nxb5 20. Qxb5 a6 21.
Qxb6 Nxb6 22. b3 Kg8 23. Nd2 Rd8 24. Nf1 Rd7 25. Ne3 Bg6 26. Rad1 Rfd8 27. Rd2
Kf8 28. f3 h6 29. Kf2 Bh7 30. g4 Nc8 31. Red1 b6 32. Na4 Bg8 33. Nb2 Ne7 34.
Na4 Nc8 35. g3 Rd6 36. Nc4 Rxd5 37. Rxd5 Rxd5 38. Rxd5 Bxd5 39. Naxb6 Nxb6 40.
Nxb6 Be6 41. Na4 c4 42. Nc5 cxb3 1/2-1/2

[Event "DEN-ch"]
[Site "Aarhus"]
[Date "1981.??.??"]
[Round "8"]
[White "Hansen, Curt"]
[Black "Fries Nielsen, Niels Jorgen"]
[Result "1/2-1/2"]
[WhiteElo "2330"]
[BlackElo "2325"]
[PlyCount "82"]
[EventDate "1981.??.??"]
[EventType "tourn"]
[EventRounds "11"]
[EventCountry "DEN"]
[EventCategory "3"]
[Source "ChessBase"]
[SourceDate "1999.07.01"]

1. e4 d5 2. exd5 Qxd5 3. d4 Nc6 4. Be3 e5 5. c4 Qa5+ 6. Bd2 Bb4 7. d5 Bxd2+ 8.
Nxd2 Nd4 9. Bd3 Nf6 10. Ne2 Bg4 11. O-O e4 12. Nxe4 Nxe4 13. f3 Qc5 14. Bxe4
Nxf3+ 15. Kh1 Ne5 16. b3 O-O-O 17. Qd4 Nd7 18. b4 Qxd4 19. Nxd4 Rde8 20. Rae1
Re5 21. Bf5 Bxf5 22. Nxf5 g6 23. Nh6 Rhe8 24. Rxe5 Nxe5 25. g4 Nxc4 26. Rxf7
Ne3 27. Rxh7 Nxd5 28. a3 Re3 29. Nf7 Nf4 30. h4 b5 31. Ng5 Rxa3 32. Rf7 Nd5 33.
h5 gxh5 34. gxh5 Ra6 35. Rf5 Nf6 36. h6 Nh7 37. Nf7 Rf6 38. Rxf6 Nxf6 39. Ng5
Kb7 40. Kg2 a5 41. bxa5 Ka6 1/2-1/2

[Event "DEN-ch"]
[Site "Aarhus"]
[Date "1981.??.??"]
[Round "3"]
[White "Hansen, Curt"]
[Black "Kristensen, Leif Sogaard"]
[Result "1-0"]
[WhiteElo "2330"]
[BlackElo "2235"]
[PlyCount "45"]
[EventDate "1981.??.??"]
[EventType "tourn"]
[EventRounds "11"]
[EventCountry "DEN"]
[EventCategory "3"]
[Source "ChessBase"]
[SourceDate "1999.07.01"]

1. d4 Nf6 2. Nf3 e6 3. c4 c5 4. e3 Be7 5. Nc3 O-O 6. Bd3 cxd4 7. exd4 d5 8. O-O
b6 9. cxd5 Nxd5 10. Nxd5 exd5 11. Ne5 Bf6 12. Re1 g6 13. Bf4 Bg7 14. Rc1 Be6
15. Qa4 a6 16. b4 Qf6 17. Bg3 Bf5 18. Bxf5 Qxf5 19. Qb3 Rd8 20. Rc7 f6 21. Nf7
Rf8 22. Nd6 Qh5 23. Be5 1-0

[Event "DEN-ch"]
[Site "Aarhus"]
[Date "1981.??.??"]
[Round "10"]
[White "Hansen, Curt"]
[Black "Brinck Claussen, Bjorn"]
[Result "1-0"]
[WhiteElo "2330"]
[BlackElo "2375"]
[PlyCount "103"]
[EventDate "1981.??.??"]
[EventType "tourn"]
[EventRounds "11"]
[EventCountry "DEN"]
[EventCategory "3"]
[Source "ChessBase"]
[SourceDate "1999.07.01"]

1. e4 e6 2. d4 d5 3. exd5 exd5 4. Nf3 Nf6 5. Bg5 Be7 6. Bd3 Nc6 7. c3 Bg4 8.
Nbd2 h6 9. Be3 Qd7 10. h3 Bxf3 11. Qxf3 Nd8 12. O-O Ne6 13. Qe2 Bd6 14. Nf3 g5
15. Ne5 Qe7 16. f4 O-O-O 17. Bf5 Kb8 18. fxg5 Nxg5 19. Bxg5 hxg5 20. Rae1 Bxe5
21. Qxe5 Qxe5 22. Rxe5 Rh6 23. Bc2 g4 24. Ref5 Rd6 25. hxg4 Nxg4 26. Rxf7 a5
27. Rh7 Ne3 28. Rxh6 Rxh6 29. Rf8+ Ka7 30. Rf2 Rb6 31. Bb3 Rd6 32. Rf3 Ng4 33.
Rg3 Nh6 34. Rg5 c6 35. Bc2 Nf7 36. Rg7 Rf6 37. Rg6 Rf4 38. g3 Rf3 39. Kg2 Re3
40. Kf2 Re8 41. Bf5 Rd8 42. g4 Nd6 43. Kf3 Nc4 44. b3 Nb2 45. Ke2 Rh8 46. g5
Rh2+ 47. Ke1 a4 48. Rh6 Rg2 49. g6 a3 50. Kf1 Rg5 51. Bc2 Rg3 52. Rh2 1-0

[Event "DEN-ch"]
[Site "Aarhus"]
[Date "1981.??.??"]
[Round "5"]
[White "Hvenekilde, Jorgen"]
[Black "Hansen, Curt"]
[Result "1/2-1/2"]
[WhiteElo "2275"]
[BlackElo "2330"]
[PlyCount "57"]
[EventDate "1981.??.??"]
[EventType "tourn"]
[EventRounds "11"]
[EventCountry "DEN"]
[EventCategory "3"]
[Source "ChessBase"]
[SourceDate "1999.07.01"]

1. e4 d5 2. exd5 Qxd5 3. Nc3 Qa5 4. Nf3 Nf6 5. Bc4 Bf5 6. O-O e6 7. Re1 Nbd7 8.
d4 Bb4 9. Bd2 c6 10. a3 Bxc3 11. Bxc3 Qc7 12. Bd3 Bg4 13. Bd2 O-O 14. Qe2 Rfe8
15. Bg5 Qa5 16. Qd2 Qxd2 17. Nxd2 Bh5 18. Nc4 b6 19. Ne3 Bg6 20. Ba6 Rad8 21.
Rad1 Nb8 22. Be2 Rc8 23. c4 Ne4 24. Bf4 c5 25. d5 e5 26. Bg3 f5 27. f3 Nd6 28.
f4 e4 29. Rd2 1/2-1/2

[Event "DEN-ch"]
[Site "Aarhus"]
[Date "1981.??.??"]
[Round "10"]
[White "Hvenekilde, Jorgen"]
[Black "Fries Nielsen, Niels Jorgen"]
[Result "1/2-1/2"]
[WhiteElo "2275"]
[BlackElo "2325"]
[PlyCount "144"]
[EventDate "1981.??.??"]
[EventType "tourn"]
[EventRounds "11"]
[EventCountry "DEN"]
[EventCategory "3"]
[Source "ChessBase"]
[SourceDate "1999.07.01"]

1. d4 Nf6 2. c4 e6 3. Nf3 b6 4. g3 Bb7 5. Bg2 Be7 6. O-O O-O 7. Nc3 Ne4 8. Bd2
d5 9. Qc2 Nd7 10. Rfd1 f5 11. Be1 c6 12. a4 a5 13. cxd5 exd5 14. Rac1 Bd6 15.
e3 Qe7 16. Ne2 g5 17. Kh1 Rae8 18. Nfg1 Bb4 19. f3 Nd6 20. Bxb4 axb4 21. Qb3 c5
22. dxc5 bxc5 23. e4 fxe4 24. Rxd5 Bxd5 25. Qxd5+ Kh8 26. f4 Rf5 27. Qc6 Rc8
28. Qa6 Nb8 29. Qa8 Nc6 30. Qa6 Nb8 31. Qa8 g4 32. h3 h5 33. Rd1 e3 34. a5 c4
35. Nd4 Rfc5 36. Nge2 c3 37. bxc3 bxc3 38. Kh2 c2 39. Rc1 gxh3 40. Bxh3 Rg8 41.
Ne6 Nc6 42. Qa6 Rc4 43. Qb6 Rb8 44. Qxe3 Rb1 45. f5 Qf6 46. Qd2 Rxc1 47. Nxc1
Nd4 48. Nxd4 Rxd4 49. Qxc2 Rc4 50. Qd1 h4 51. Qh5+ Kg7 52. Ne2 Rc2 53. Bg4
hxg3+ 54. Kh3 Ne4 55. Bf3 Ng5+ 56. Kxg3 Qe5+ 57. Nf4 Qe1+ 58. Kg4 Qg1+ 59. Ng2
Rxg2+ 60. Bxg2 Qxg2+ 61. Kf4 Qd2+ 62. Kg4 Ne4 63. Qg6+ Kf8 64. a6 Qe3 65. Kh4
Qf2+ 66. Kh3 Qf3+ 67. Kh2 Qf2+ 68. Kh3 Qf1+ 69. Kh2 Qf4+ 70. Kg2 Qf2+ 71. Kh3
Qf3+ 72. Kh2 Qe2+ 1/2-1/2

[Event "DEN-ch"]
[Site "Aarhus"]
[Date "1981.??.??"]
[Round "7"]
[White "Hvenekilde, Jorgen"]
[Black "Kristensen, Leif Sogaard"]
[Result "1-0"]
[WhiteElo "2275"]
[BlackElo "2235"]
[PlyCount "83"]
[EventDate "1981.??.??"]
[EventType "tourn"]
[EventRounds "11"]
[EventCountry "DEN"]
[EventCategory "3"]
[Source "ChessBase"]
[SourceDate "1999.07.01"]

1. d4 Nf6 2. Nf3 c5 3. c4 e6 4. g3 cxd4 5. Nxd4 Nc6 6. Bg2 Qa5+ 7. Nc3 Bb4 8.
Ndb5 d5 9. Bf4 e5 10. cxd5 Qxb5 11. dxc6 exf4 12. O-O Bxc3 13. bxc3 Bf5 14.
cxb7 Rd8 15. Bc6+ Qxc6 16. Qxd8+ Kxd8 17. b8=Q+ Bc8 18. Rfd1+ Nd7 19. Rd3 Ke7
20. Qxf4 f6 21. Rad1 Ne5 22. Qb4+ Kf7 23. Rd6 Qc7 24. Qb3+ Kg6 25. R6d4 Re8 26.
f4 Nc6 27. R4d2 Na5 28. Qb5 Re7 29. Rd5 Qxc3 30. f5+ Kh6 31. Qc5 Qxc5+ 32. Rxc5
Rxe2 33. Rxa5 Bb7 34. Rxa7 Bf3 35. Rd4 Rg2+ 36. Kf1 Rxh2 37. Rh4+ Rxh4 38. gxh4
Bg4 39. Ra5 Kh5 40. Kf2 Kxh4 41. Ra4 Kg5 42. Rxg4+ 1-0

[Event "DEN-ch"]
[Site "Aarhus"]
[Date "1981.??.??"]
[Round "1"]
[White "Hvenekilde, Jorgen"]
[Black "Brinck Claussen, Bjorn"]
[Result "0-1"]
[WhiteElo "2275"]
[BlackElo "2375"]
[PlyCount "108"]
[EventDate "1981.??.??"]
[EventType "tourn"]
[EventRounds "11"]
[EventCountry "DEN"]
[EventCategory "3"]
[Source "ChessBase"]
[SourceDate "1999.07.01"]

1. Nf3 Nf6 2. g3 b5 3. Bg2 Bb7 4. O-O e6 5. d3 d5 6. a4 b4 7. Nbd2 Be7 8. e4 c5
9. e5 Nfd7 10. Re1 Nc6 11. Nf1 g5 12. h3 h5 13. g4 hxg4 14. hxg4 Qc7 15. Bxg5
Ndxe5 16. Bxe7 Nxf3+ 17. Qxf3 Qxe7 18. c3 O-O-O 19. a5 Ba6 20. Re3 Qc7 21. Qg3
Qxg3 22. Rxg3 bxc3 23. bxc3 Kc7 24. g5 Rb8 25. Re1 Kd6 26. g6 f5 27. g7 Rhg8
28. c4 Nd4 29. cxd5 f4 30. Rg4 Rb7 31. Rxf4 Rbxg7 32. Ng3 Bxd3 33. Bf1 Bxf1 34.
Kxf1 Kxd5 35. Rfe4 Rg5 36. R4e3 Rh8 37. a6 e5 38. Rb1 Rh6 39. Ra3 Rgg6 40. Rb7
Rxa6 41. Rxa7 Rxa3 42. Rxa3 Rb6 43. Kg2 Rb2 44. Ra8 Nc6 45. Nf5 c4 46. Ne3+ Kc5
47. Rc8 c3 48. Nd1 Rc2 49. Re8 Rc1 50. Nxc3 Rxc3 51. f4 exf4 52. Rf8 Rc4 53.
Rf5+ Kd6 54. Rf8 Ne5 0-1

[Event "DEN-ch"]
[Site "Aarhus"]
[Date "1981.??.??"]
[Round "3"]
[White "Hvenekilde, Jorgen"]
[Black "Knudsen, Per"]
[Result "0-1"]
[WhiteElo "2275"]
[BlackElo "2355"]
[PlyCount "81"]
[EventDate "1981.??.??"]
[EventType "tourn"]
[EventRounds "11"]
[EventCountry "DEN"]
[EventCategory "3"]
[Source "ChessBase"]
[SourceDate "1999.07.01"]

1. Nf3 d5 2. d4 Nf6 3. c4 c6 4. Nc3 dxc4 5. a4 Bf5 6. e3 e6 7. Bxc4 Bb4 8. O-O
O-O 9. Qe2 Bg6 10. Ne5 Nbd7 11. Nxg6 hxg6 12. Rd1 Qc7 13. e4 e5 14. d5 Nb6 15.
Bb3 a5 16. Bg5 Rad8 17. Rac1 Qb8 18. Be3 Nc8 19. f3 Ne7 20. Na2 Bd6 21. Nc3 Bb4
22. dxc6 Nxc6 23. Nb5 Rxd1+ 24. Rxd1 Rd8 25. Bb6 Rxd1+ 26. Qxd1 Qf8 27. Qc2 Nd7
28. Bf2 Bc5 29. Bd5 Nb4 30. Bxc5 Nxc5 31. Qc4 Nxa4 32. Bxb7 Nxb2 33. Qc7 a4 34.
Bd5 N2d3 35. Nd6 Nxd5 36. exd5 a3 37. Nb7 a2 38. Qa5 Qb4 39. Qd8+ Qf8 40. Qa5
Qb8 41. d6 0-1

[Event "DEN-ch"]
[Site "Aarhus"]
[Date "1981.??.??"]
[Round "11"]
[White "Jacobsen, Bo"]
[Black "Hvenekilde, Jorgen"]
[Result "0-1"]
[WhiteElo "2335"]
[BlackElo "2275"]
[PlyCount "80"]
[EventDate "1981.??.??"]
[EventType "tourn"]
[EventRounds "11"]
[EventCountry "DEN"]
[EventCategory "3"]
[Source "ChessBase"]
[SourceDate "1999.07.01"]

1. c4 Nf6 2. g3 g6 3. Bg2 Bg7 4. Nf3 O-O 5. O-O Nc6 6. d4 d6 7. Nc3 Bf5 8. d5
Na5 9. Nd2 c6 10. e4 Bg4 11. Qa4 cxd5 12. exd5 Rc8 13. Nb3 Nxc4 14. Qxa7 Qd7
15. Nd2 Ne5 16. Qe3 Bh3 17. Bxh3 Qxh3 18. Qe2 e6 19. dxe6 fxe6 20. f4 Nf7 21.
Nf3 Ng4 22. Bd2 e5 23. Nd5 Rce8 24. Rad1 e4 25. Nh4 Bxb2 26. Bc3 Bxc3 27. Nxc3
Nf6 28. Qc4 Rc8 29. Qd4 Ng4 30. Rd2 Nxh2 31. Rxh2 Qxg3+ 32. Rg2 Qxc3 33. Qxe4
Rc4 34. Qxb7 Qe3+ 35. Rff2 Rxf4 36. Nxg6 hxg6 37. Rxg6+ Kh7 38. Rgg2 Qe1+ 39.
Kh2 Rh4+ 40. Kg3 Rg8+ 0-1